| 000 | 00555nam a22001937a 4500 | ||
|---|---|---|---|
| 003 | OSt | ||
| 005 | 20240807111204.0 | ||
| 008 | 240807b |||||||| |||| 00| 0 eng d | ||
| 020 | _a8121932106 | ||
| 040 |
_aMMU _beng _cMMU _dMMU |
||
| 050 | _aQL751 .A33 2009 | ||
| 100 |
_aAgarwal V. K _91076 |
||
| 245 |
_aAnimal behaviour : _b(ethology) / _cV. K Agarwal |
||
| 260 |
_aRam Nagar, New Delhi: _bS. Chand & Company, _c2009. |
||
| 440 |
_avii, 400 p.: _nill.; _91077 |
||
| 500 | _aIncludes index. | ||
| 650 |
_aAnimal behaviour _91078 |
||
| 942 |
_2lcc _cLOAN LOAN |
||
| 999 |
_c32836 _d32833 |
||